|
|
|
|
| LEADER |
00000nab a2200000 a 4500 |
| 001 |
vtls000671961 |
| 003 |
SK-MaSNL |
| 005 |
20260304094826.0 |
| 008 |
250425c1998 xo 0 slo |
| 015 |
|
|
|a SNBRB1998/08-23060
|
| 035 |
|
|
|a CLN000024137
|
| 035 |
|
|
|a urn:nbn:sk:snk-abbs2i
|
| 035 |
|
|
|a (urnnbn)urn:nbn:sk:snk:ar-004p2d
|
| 035 |
|
|
|a (uuid)12e041fc-c617-40e1-904c-1c3a8e5d5816
|
| 040 |
|
|
|a SNKBUCL
|b slo
|c SNKBUCL
|e AACR2
|
| 041 |
0 |
|
|a slo
|
| 044 |
|
|
|a xo
|c SK
|
| 080 |
|
|
|a 82:929:860
|2 1997
|
| 080 |
|
|
|a 860:929
|2 1997
|
| 080 |
|
|
|a 891.69:929
|2 1997
|
| 100 |
1 |
|
|a Brat, Roman,
|d 1957-
|4 aut
|9 110158
|
| 245 |
1 |
0 |
|a Bernardo Atxaga ...
|c Roman Brat
|
| 600 |
1 |
7 |
|a Atxaga, Bernardo,
|d 1951-
|2 snkbucl
|9 248266
|
| 655 |
|
7 |
|a články z novín a časopisov
|2 snkbucl
|9 267496
|
| 773 |
0 |
|
|t Revue svetovej literatúry
|g Roč. 34, č. 2 (1998), s. 61
|x 0231-6269
|
| 850 |
|
|
|a Slovenská národná knižnica
|
| 852 |
|
|
|a Slovenská národná knižnica
|
| 958 |
|
|
|a article15
|
| 958 |
|
|
|a LX
|
| 958 |
|
|
|a ES
|
| 958 |
|
|
|a OND
|
| 958 |
|
|
|a EUIPO
|
| 992 |
|
|
|a RBX
|
| 999 |
|
|
|c 2829164
|d 2831094
|